000 00536nam a2200217Ia 4500
003 GCL
008 140319s9999 xx 000 0 eng d
040 _aGCL /
_cGCL
082 0 4 _aCC
_b932
_bM T
100 1 _aMIQUEL, ANDRE
245 1 0 _aAU TEMPE DES ANCIENT EGYPTIENS /
_cMIQUEL, ANDRE
700 1 _aPROBST, PIERRE
260 _a[S.N] :
_bHACHETTE ،
_c1979
300 _a153 P
650 0 4 _aRELIGION
650 0 4 _aTOMBS
650 0 4 _aANCIENT EGYPT
650 0 4 _aHISTORY
650 0 4 _aEGYPT - CIVILIZATION
942 _2ddc
_cBK
999 _c25653
_d25653